000 00730nam a22002417a 4500
003 UA-OsUOA
001 20626
007 ta
008 20031101b un ||||| |||| 00| 0 ukr d
090 _a92-09
_bЧ-98
942 _cBK
040 _aUA-OsUOA
_bukr
_cUA-OsUOA
_dUA-OsUOA
245 _aЧюрльонісів шлях
_cСост. Д.С.Чередниченко
300 _a104 с.
_bІлюстрації
955 _a0
041 _aukr
080 _a92-09
020 _a966-522-000-4
260 _aКиїв
_bГоловна спеціалізована редакція літератури мовами національних меншин України
_c1996
044 _aUA
650 7 _2UDC
999 _c306806
_d306806